| Tag |
First Indicator |
Second Indicator |
Subfields |
| LEADER |
00000cgm a2200000 a 4500 |
| 001 |
in00002012242 |
| 005 |
20151031155003.0 |
| 007 |
vd mvaizu |
| 008 |
041222s2003 xxk031 e vleng d |
| 028 |
4 |
3 |
|a FFH 4599
|b Films for the Humanities & Sciences
|
| 040 |
|
|
|a TXA
|c TXA
|d UtOrBLW
|
| 049 |
|
|
|a TXAV
|
| 090 |
|
|
|a MT85
|b .T25 2003
|
| 245 |
0 |
0 |
|a Taming a 100-headed dragon /
|c an IMG Artists/BBC co-production in association with Teldec Classics International and Sender Freies Berlin with RTP [and others] ; producers, Stephany Marks, Marc Pikering ; directed by Sue Knussen.
|
| 264 |
|
1 |
|a Princeton, NJ :
|b Films for the Humanities,
|c [2003]
|
| 300 |
|
|
|a 1 DVD-video (31 min.) :
|b sound, black and white with color ;
|c 4 3/4 in.
|
| 336 |
|
|
|a two-dimensional moving image
|b tdi
|2 rdacontent
|
| 337 |
|
|
|a video
|b v
|2 rdamedia
|
| 338 |
|
|
|a videodisc
|b vd
|2 rdacarrier
|
| 490 |
1 |
|
|a The art of conducting
|
| 538 |
|
|
|a DVD-R.
|
| 511 |
0 |
|
|a Narrator, Michael Gambon.
|
| 508 |
|
|
|a Series conceived by Stephen Wright ; commentary written by Stephen Pettitt ; photography, Colin Case ... [et al.].
|
| 500 |
|
|
|a "Trans World International."
|
| 520 |
|
|
|a Covers the development of the Middle-European tradition of conducting, from its original purpose of simply keeping time to the concept that the conductor should seek to convey the composer's intentions. Includes rare silent footage of Arthur Nikisch; Leonard Bernstein, John Barbarolli, Sir Thomas Beecham; Richard Strauss performing his composition Till Eulenspiegel; Felix Weingartner, and Bruno Walter.
|
| 500 |
|
|
|a Videorecording.
|
| 650 |
|
0 |
|a Conducting
|x History.
|
| 650 |
|
0 |
|a Conductors (Music)
|
| 650 |
|
0 |
|a Conducting
|x Audio-visual aids.
|
| 655 |
|
7 |
|a Documentary films.
|2 lcgft
|
| 700 |
1 |
|
|a Knussen, Sue.
|
| 700 |
1 |
|
|a Gambon, Michael.
|
| 710 |
2 |
|
|a IMG Artists (Firm)
|
| 710 |
2 |
|
|a British Broadcasting Corporation.
|
| 710 |
2 |
|
|a Teldec Classics International.
|
| 710 |
2 |
|
|a Sender Freies Berlin.
|
| 710 |
2 |
|
|a Radiotelevisão Portuguesa.
|
| 710 |
2 |
|
|a Films for the Humanities (Firm)
|
| 710 |
2 |
|
|a Trans World International.
|
| 830 |
|
0 |
|a Art of conducting (DVD videodiscs)
|
| 945 |
|
|
|a DVD temp.
|
| 948 |
|
|
|a cataloged
|b h
|c 2004/12/22
|d c
|e mphillip
|f 1:19:00 pm
|
| 999 |
|
|
|a MARS
|
| 999 |
f |
f |
|s a11a517f-ee3b-3954-ba34-2dc32c7ae086
|i c1b7ab79-13f2-3575-a14a-20b0a28df5c5
|t 0
|
| 952 |
f |
f |
|p ric
|a Texas A&M University
|b Rellis Campus
|c Joint Library Facility
|d Remote Storage
|t 0
|e MT85 .T25 2003
|h Library of Congress classification
|i video -- videodisc
|m A14832518256
|
| 998 |
f |
f |
|a MT85 .T25 2003
|t 0
|l Remote Storage
|